000 00672nam a2200229 i 4500
001 134817
003 ES-MaACL
005 20250822035137.0
007 t|
008 070629s1972 sp ||||1| spa d
080 _a159.922.1
080 _a159.42
100 1 _aThibault, Odette.
_9109921
245 1 3 _aLa pareja /
_cOdette Thibault ; [lo tradujo María Victoria Catalina].
260 _aMadrid :
_bGuadarrama,
_c[1972]
300 _a207 p. ;
_c18 cm.
650 7 _aPsicología sexual
_2embne
_916572
650 7 _aAmor
_2embne
_99754
700 1 _aCatalina, María Victoria.
_937036
852 _aES-MaACL
_jC-52717
_bR.82616
999 _c134817
_d134817